Seguimos marchando: evaluación de la "Marcha de los cacaoteros", San Carlos, La Perla de la Fortuna, 23 de setiembre 1989
Guardat en:
| Format: | Llibre |
|---|---|
| Idioma: | Spanish |
| Publicat: |
San José, Costa Rica
Centro Nacional de Acción Pastoral, CECADE
1989?
|
| Matèries: | |
| Etiquetes: |
Afegir etiqueta
Sense etiquetes, Sigues el primer a etiquetar aquest registre!
|
MARC
| LEADER | 00000nam a22000007a 4500 | ||
|---|---|---|---|
| 003 | cru CIDCACS/IIS | ||
| 005 | 20171209062529.0 | ||
| 008 | 171208b xxu||||| |||| 00| 0 spa d | ||
| 999 | |c 40724 |d 40724 | ||
| 040 | |c cru CIDCACS/IIS | ||
| 090 | |a 00.00.00 Sxxs | ||
| 245 | 1 | 0 | |a Seguimos marchando: |b evaluación de la "Marcha de los cacaoteros", San Carlos, La Perla de la Fortuna, 23 de setiembre 1989 |
| 260 | |a San José, Costa Rica |b Centro Nacional de Acción Pastoral, |b CECADE |c 1989? | ||
| 300 | |a 44 páginas | ||
| 500 | |a Colección Alforja | ||
| 650 | 1 | 0 | |9 586 |a CACAO |
| 650 | 1 | 0 | |9 3471 |a PRODUCTORES |
| 650 | 1 | 0 | |9 6228 |a MARCHAS |
| 651 | 1 | 0 | |9 32 |a COSTA RICA |z San Carlos |
| 942 | |2 ddc |c LI | ||
